Discrete Structure and Graph Theory (Record no. 565)
[ view plain ]
| 000 -LEADER | |
|---|---|
| Fixed length control field | 00477nam a2200181 4500 |
| 003 - CONTROL NUMBER IDENTIFIER | |
| Control field | SEACOMMC |
| 005 - DATE AND TIME OF LATEST TRANSACTION | |
| Control field | 20250416140932.0 |
| 008 - FIXED-LENGTH DATA ELEMENTS--GENERAL INFORMATION | |
| Fixed length control field | 240918b |||||||| |||| 00| 0 eng d |
| 020 ## - INTERNATIONAL STANDARD BOOK NUMBER / ISBN | |
| Price | Rs.185.00 |
| 040 ## - CATALOGING SOURCE | |
| Original cataloging agency | SEACOMMC |
| 082 ## - DEWEY DECIMAL CLASSIFICATION NUMBER | |
| Classification number | 511.1 |
| Book Number | R215 |
| 100 ## - MAIN ENTRY--PERSONAL NAME | |
| Personal name | Rao, G S S Bhishma |
| 245 1# - TITLE STATEMENT | |
| Title | Discrete Structure and Graph Theory |
| Statement of responsibility | G S S Bhishma Rao |
| 250 ## - EDITION STATEMENT | |
| Edition statement | 3rd ed. |
| 260 ## - IMPRINT | |
| Place of publication | Chennai |
| Name of publisher | Scitech Publications |
| Date of publication | 2003 |
| 650 ## - SUBJECT ADDED ENTRY--TOPICAL TERM | |
| Topical term | Mathematical Statistics |
| 942 ## - ADDED ENTRY ELEMENTS (KOHA) | |
| Koha item type | Books |
| Withdrawn status | Lost status | Source of classification | Damaged status | Not for loan | Home library | Current library | Date acquired | Total Checkouts | Call number | Accession number | Date last seen | Price effective from | Koha item type | Copy number |
|---|---|---|---|---|---|---|---|---|---|---|---|---|---|---|
| Dewey Decimal Classification | SEACOM MANAGEMENT COLLEGE | SEACOM MANAGEMENT COLLEGE | 26/09/2007 | 511.1 R215 | M-200 | 18/09/2024 | 18/09/2024 | Books | ||||||
| Dewey Decimal Classification | SEACOM MANAGEMENT COLLEGE | SEACOM MANAGEMENT COLLEGE | 26/09/2007 | 511.1 R215 | M-201 | 18/09/2024 | 18/09/2024 | Books | 1 |
